U R Anantmurti ke upanyason mein adhunikta bodh: (Record no. 119941)
[ view plain ]
| 000 -LEADER | |
|---|---|
| fixed length control field | 00798nam a2200253Ia 4500 |
| 003 - CONTROL NUMBER IDENTIFIER | |
| control field | OSt |
| 005 - DATE AND TIME OF LATEST TRANSACTION | |
| control field | 20250313141156.0 |
| 008 - FIXED-LENGTH DATA ELEMENTS--GENERAL INFORMATION | |
| fixed length control field | 210210b2015 xxu||||| |||| 00| 0 eng d |
| 020 ## - INTERNATIONAL STANDARD BOOK NUMBER | |
| International Standard Book Number | 9788183901451 |
| 040 ## - CATALOGING SOURCE | |
| Transcribing agency | AL |
| 041 ## - LANGUAGE CODE | |
| Language code of text/sound track or separate title | hin |
| 082 ## - DEWEY DECIMAL CLASSIFICATION NUMBER | |
| Classification number | H891.309 RAJY |
| 100 ## - MAIN ENTRY--PERSONAL NAME | |
| Personal name | RAJIV (C): |
| 9 (RLIN) | 206030 |
| 110 ## - MAIN ENTRY--CORPORATE NAME | |
| Subordinate unit | राजीव सी |
| 9 (RLIN) | 206031 |
| 245 ## - TITLE STATEMENT | |
| Title | U R Anantmurti ke upanyason mein adhunikta bodh: |
| Remainder of title | यु आर अनंतमूर्ति के उपन्यासों में आधुनिकता बोध |
| 260 ## - PUBLICATION, DISTRIBUTION, ETC. | |
| Place of publication, distribution, etc. | Dilli |
| Name of publisher, distributor, etc. | - |
| Date of publication, distribution, etc. | 2015 |
| 300 ## - PHYSICAL DESCRIPTION | |
| Extent | x,157 |
| 650 ## - SUBJECT ADDED ENTRY--TOPICAL TERM | |
| Topical term or geographic name entry element | Yu |
| 9 (RLIN) | 206032 |
| 690 ## - LOCAL SUBJECT ADDED ENTRY--TOPICAL TERM (OCLC, RLIN) | |
| Topical term or geographic name as entry element | Hindi Criticism |
| 9 (RLIN) | 206033 |
| 700 ## - ADDED ENTRY--PERSONAL NAME | |
| Personal name | VADHAN (Amarsimh): |
| 9 (RLIN) | 206034 |
| 710 ## - ADDED ENTRY--CORPORATE NAME | |
| Subordinate unit | वधान अमरसिंह |
| 9 (RLIN) | 206035 |
| 906 ## - LOCAL DATA ELEMENT F, LDF (RLIN) | |
| a | 070517 |
| 942 ## - ADDED ENTRY ELEMENTS (KOHA) | |
| Source of classification or shelving scheme | Dewey Decimal Classification |
| Koha item type | Book |
| Withdrawn status | Lost status | Source of classification or shelving scheme | Damaged status | Not for loan | Collection code | Home library | Current library | Date acquired | Source of acquisition | Cost, normal purchase price | Total Checkouts | Full call number | Barcode | Date last seen | Price effective from | Koha item type |
|---|---|---|---|---|---|---|---|---|---|---|---|---|---|---|---|---|
| Dewey Decimal Classification | Hindi | St Aloysius Library | St Aloysius Library | 02/17/2021 | Rajatagiri, 1374(A), Pilipanjara Road, Kodangal (P), Moodbidri-574227 | 600.00 | H891.309 RAJY | 070517 | 02/17/2021 | 02/17/2021 | Book |